000
00252nam a2200109Ia 4500
008
220204s9999 xx 000 0 und d
082
_a
82-3
_b
ALC
100
_a
Alcott, Louisa May
245
0
_a
Little women
260
_a
New Delhi
_b
S chand
942
_c
BK
999
_c
35532
_d
35532